Анализ современных методов регулирования частоты в изолированных энергосистемах; Бутаковские чтения

Bibliografski detalji
Parent link:Бутаковские чтения.— 2025.— С. 27-29
Glavni autor: Бернякович Е. А.
Daljnji autori: Рубан Н. Ю. Николай Юрьевич (научный руководитель)
Sažetak:Текстовый файл
Jezik:ruski
Izdano: 2025
Teme:
Online pristup:conference_tpu-2025-C133_p27-29.pdf
Format: Elektronički Poglavlje knjige
KOHA link:https://koha.lib.tpu.ru/cgi-bin/koha/opac-detail.pl?biblionumber=685763

MARC

LEADER 00000naa2a2200000 4500
001 685763
005 20260413092521.0
090 |a 685763 
100 |a 20260330d2025 k||y0rusy50 ca 
101 0 |a rus 
102 |a RU 
135 |a drcn ---uucaa 
200 1 |a Анализ современных методов регулирования частоты в изолированных энергосистемах  |f Е. А. Бернякович  |g науч. рук. Н. Ю. Рубан 
283 |2 RDAcarrier 
320 |a Список литературы: 3 назв 
336 |a Текстовый файл 
463 1 |0 685753  |9 685753  |t Бутаковские чтения  |o сборник статей V Всероссийской с международным участием молодёжной конференции, 9-11 декабря 2025 г., Томск  |n Изд-во ТПУ  |c Томск  |d 2025  |u conference_tpu-2025-C133.pdf  |v С. 27-29 
545 1 |a Цифровизация в электроэнергетике и интеллектуальные энергосистемы 
610 1 |a труды учёных ТПУ 
610 1 |a электронный ресурс 
610 1 |a электроэнергетические системы 
610 1 |a частота 
610 1 |a регулирования 
700 1 |a Бернякович  |b Е. А. 
702 1 |a Рубан  |b Н. Ю.  |c специалист в области электроэнергетики  |c доцент Томского политехнического университета, кандидат наук  |f 1988-  |g Николай Юрьевич  |4 727 
801 0 |a RU  |b 63413507  |c 20260330 
850 |a 63413507 
856 4 0 |u conference_tpu-2025-C133_p27-29.pdf  |z conference_tpu-2025-C133_p27-29.pdf 
942 |c CF